De stad met de meeste inwoners van elk land in Europa op een kaart - Statistieken

Algemene statistieken
  • Deze quiz is 62 keer genomen
  • De gemiddelde score is 36 van 45
Antwoorden op de kaart
Antwoorden kleurgecodeerd door een groen-rode schaal op de quizkaart volgens % correct hieronder.
 
Antwoordstatistieken
Antwoord % Correct
Athene
100%
Kiev
100%
Moskou
96%
Reykjavik
96%
Oslo
93%
Stockholm
93%
Amsterdam
91%
Berlijn
91%
Helsinki
91%
Brussel
87%
Dublin
87%
Kopenhagen
87%
Londen
87%
Minsk
87%
Luxemburg
84%
Parijs
84%
Riga
84%
Wenen
84%
Sofia
82%
Warschau
82%
Boekarest
80%
Madrid
80%
Praag
80%
Vilnius
80%
Andorra la Vella
78%
Boedapest
78%
Lissabon
78%
Lubjana
78%
Monaco
76%
Tallinn
76%
Zagreb
76%
Zürich
76%
Chisinau
73%
Sarajevo
73%
Tirana
73%
Vaduz
73%
Belgrado
71%
Bratislava
71%
Rome
71%
San Marino
71%
Pristina
64%
Skopje
62%
Vaticaanstad
60%
Podgorica
58%
Valetta
56%
Geen overeenkomende quizzen gevonden
Scoreverdeling
Procent van Mensen met Elke Score
Percentiel versus Aantal Correcte Antwoorden
Uw Scoregeschiedenis
U heeft deze quiz nog niet genomen